Golfers with the Most Top 10s At Major Championship Since 2000 - Statistics

General Stats
  • This quiz has been taken 100 times
  • The average score is 19 of 32
Answer Stats
# Golfer % Correct
35 Tiger Woods
100%
33 Rory McIlroy
95%
31 Phil Mickelson
93%
16 Scottie Scheffler
89%
14 Jordan Spieth
83%
16 Vijay Singh
83%
23 Dustin Johnson
80%
11 Zach Johnson
79%
18 Brooks Koepka
78%
25 Ernie Els
78%
22 Justin Rose
76%
20 Adam Scott
74%
18 Jason Day
70%
22 Sergio Garcia
70%
17 Xander Schauffele
68%
10 Bryson Dechambeau
66%
15 Jon Rahm
64%
16 Lee Westwood
54%
15 Jim Furyk
53%
14 Henrik Stenson
51%
15 Pádraig Harrington
49%
13 Rickie Fowler
49%
10 Hideki Matsuyama
48%
14 Retief Goosen
43%
11 Louis Oosthuizen
40%
10 Steve Stricker
28%
10 Davis Love III
26%
10 David Toms
25%
10 Mike Weir
24%
11 Tony Finau
24%
12 Paul Casey
19%
12 Matt Kuchar
14%
No matching quizzes found
Score Distribution
Percent of People with Each Score
Percentile by Number Answered
Your Score History
You have not taken this quiz